000 00299nam a2200133Ia 4500
100 _aMahahar Lotia
490 _v1
942 _cBK
654 _acircuits
245 _aModern portable circuits with Remote control
260 _bBPB
_aNew Delhi
_c2001
082 _a621.388
_bMAH
546 _aENGLISH
999 _c21773
_d21773